How strong is it? : (Record no. 114631)
[ view plain ]
| 000 -LEADER | |
|---|---|
| fixed length control field | 00986nam a2200193 a 4500 |
| 005 - DATE AND TIME OF LATEST TRANSACTION | |
| control field | 20140414132107.0 |
| 008 - FIXED-LENGTH DATA ELEMENTS--GENERAL INFORMATION | |
| fixed length control field | 100901s19uu xx 00 eng d |
| 020 ## - INTERNATIONAL STANDARD BOOK NUMBER | |
| International Standard Book Number | 9780439918664 |
| 050 ## - LIBRARY OF CONGRESS CALL NUMBER | |
| Classification number | REF 620.112 |
| Item number | H55 2008 |
| 100 ## - MAIN ENTRY--PERSONAL NAME | |
| Personal name | Hillman, Ben, 1957- |
| 245 ## - TITLE STATEMENT | |
| Title | How strong is it? : |
| Remainder of title | a mighty book all about strength / |
| Statement of responsibility, etc | by Ben Hillman. |
| 260 ## - PUBLICATION, DISTRIBUTION, ETC. (IMPRINT) | |
| Place of publication, distribution, etc | New York : |
| Name of publisher, distributor, etc | Scholastic, |
| Date of publication, distribution, etc | c2008. |
| 440 ## - SERIES STATEMENT/ADDED ENTRY--TITLE | |
| Title | What�s the big idea? |
| 520 ## - SUMMARY, ETC. | |
| Summary, etc | Presents a visual guide to items and animals of various strength and substance, including such examples as spider webs, bulldozers, black holes, lasers, icebreakers, and the Hercules beetle. Presents a visual guide to items and creatures of various strength and substance, including such examples as spider webs, bulldozers, black holes, lasers, icebreakers, and the Hercules beetle. |
| 650 ## - SUBJECT ADDED ENTRY--TOPICAL TERM | |
| Topical term or geographic name as entry element | Strength of materials |
| General subdivision | Miscellanea |
| -- | Juvenile literature. |
| 650 ## - SUBJECT ADDED ENTRY--TOPICAL TERM | |
| Topical term or geographic name as entry element | e and energy. sears |
| 650 ## - SUBJECT ADDED ENTRY--TOPICAL TERM | |
| Topical term or geographic name as entry element | Mechanics. sears |
| Withdrawn status | Lost status | Damaged status | Use restrictions | Home library | Current library | Shelving location | Date acquired | Source of acquisition | Cost, normal purchase price | Total Checkouts | Full call number | Barcode | Date last seen | Price effective from | Koha item type |
|---|---|---|---|---|---|---|---|---|---|---|---|---|---|---|---|
| Munich Library | Munich Library | Reference Section | 09/01/2010 | 395.00 | REF 620.112 H55 2008 | M6502 | 04/14/2014 | 04/14/2014 | Books |